| 000 | 01051nam a2200325 c 4500 | ||
|---|---|---|---|
| 003 | BLK | ||
| 005 | 20231220005221.0 | ||
| 008 | 180409b bul|||||r ||||||| ||bul|| | ||
| 010 | _aKNG00118776000 | ||
| 040 | _aBLK | ||
| 041 |
_aBUL _cBUL |
||
| 080 |
_aФренска литература _b821.133.1 _x-312.8 _z821.133.1-312.8 |
||
| 100 |
_aВерн, Жул _eпърви автор _9263632 |
||
| 139 |
_aВерн, Жул _bВ 50 |
||
| 245 | 1 | 0 |
_aОт Земята до Луната _cЖул Верн. |
| 250 | _aНово изд. | ||
| 257 | _aFRA | ||
| 260 |
_аСофия _bКОМО _c1991 _fВраца : Полипринт |
||
| 300 |
_a128 с. _c20 см |
||
| 380 | _aX | ||
| 500 | _aОриг. загл. De la terre a la lune en 97 heures 20 minutes / Jules Verne. | ||
| 653 | _aфантастика | ||
| 653 | _aромани | ||
| 852 | _aЦб 165528 | ||
| 856 | 4 |
_qpdf _u |
|
| 856 | 4 |
_qpdf _u |
|
| 942 |
_cKNG _n0 _01 |
||
| 944 |
_aCR _c18.06.2012 _lCRON CRON _k |
||
| 944 |
_aED _c09.11.2012 _lф / _k |
||
| 999 |
_c113375 _d113375 |
||